| Tag |
First Indicator |
Second Indicator |
Subfields |
| LEADER |
00000cam a2200000 a 4500 |
| 001 |
in00001237132 |
| 005 |
20151003062325.0 |
| 008 |
950518c19951993enka 001 0 eng d |
| 020 |
|
|
|a 0952208202
|
| 035 |
|
|
|a (OCoLC)32498695
|
| 035 |
|
|
|9 AGS7414AM
|
| 040 |
|
|
|a VYF
|c VYF
|d UtOrBLW
|
| 049 |
|
|
|a TXAM
|
| 090 |
|
|
|a HG6042
|b .W55 1995
|
| 100 |
1 |
|
|a Wilmott, Paul.
|
| 245 |
1 |
0 |
|a Option pricing :
|b mathematical models and computation /
|c Paul Wilmott, Jeff Dewynne, Sam Howison.
|
| 250 |
|
|
|a Reprinted with corrections, January 1995.
|
| 264 |
|
1 |
|a Oxford :
|b Oxford Financial Press,
|c 1995
|
| 264 |
|
4 |
|c ©1993
|
| 300 |
|
|
|a xii, 457 pages :
|b illustrations ;
|c 24 cm.
|
| 336 |
|
|
|a text
|b txt
|2 rdacontent
|
| 337 |
|
|
|a unmediated
|b n
|2 rdamedia
|
| 338 |
|
|
|a volume
|b nc
|2 rdacarrier
|
| 504 |
|
|
|a Bibliography: pages 434-440.
|
| 500 |
|
|
|a Includes index.
|
| 650 |
|
0 |
|a Options (Finance)
|x Prices
|x Mathematical models.
|
| 700 |
1 |
|
|a Dewynne, Jeffrey N.
|
| 700 |
1 |
|
|a Howison, Sam.
|
| 999 |
|
|
|a MARS
|
| 999 |
f |
f |
|s dab174bf-06bf-31f1-8ddc-413dbf8c33d8
|i 9f0ec160-21e0-3bb7-881c-708e2034cdb9
|t 0
|
| 952 |
f |
f |
|p ric
|a Texas A&M University
|b Rellis Campus
|c Joint Library Facility
|d Remote Storage
|t 0
|e HG6042 .W55 1995
|h Library of Congress classification
|i unmediated -- volume
|m A14819456469
|
| 998 |
f |
f |
|a HG6042 .W55 1995
|t 0
|l Remote Storage
|